[Event "Muensterland Regionalliga playoff Gr1"]
[Site "Germany"]
[Date "2022.03.19"]
[Round "1.5"]
[White "Klueppel, Ralf"]
[Black "Schielke, David"]
[Result "1-0"]
[WhiteElo "1792"]
[BlackElo "1446"]
[PlyCount "65"]
[EventDate "2022.03.19"]
[EventType "team-tourn"]
[EventRounds "5"]
[EventCountry "GER"]
[SourceTitle "EXT 2023"]
[Source "ChessBase"]
[SourceDate "2022.10.05"]
[SourceVersion "1"]
[SourceVersionDate "2022.10.05"]
[SourceQuality "1"]
[WhiteTeam "Borken"]
[BlackTeam "Muenster SK IV"]
[WhiteTeamCountry "GER"]
[BlackTeamCountry "GER"]

1. d4 d5 2. Nf3 Bf5 3. c4 c6 4. Nc3 Nf6 5. Qb3 b6 6. Bg5 Ne4 7. Bf4 e6 8. e3 h6 9. h3 Be7 10. Be2 0-0 11. 0-0 Nd7 12. Rfd1 Re8 13. Rac1 Rc8 14. cxd5 Nxc3 15. bxc3 exd5 16. Ba6 Nf6 17. Bxc8 Qxc8 18. Qa4 a6 19. Qb3 b5 20. a4 Ne4 21. Nd2 Nd6 22. Ra1 g5 23. Be5 f6 24. Bh2 Bf8 25. axb5 axb5 26. Ra7 h5 27. Rda1 Qe6 28. Ra8 Kg7 29. Rxe8 Nxe8 30. Ra7+ Kg6 31. Qa2 g4 32. h4 Nd6 33. Qa6 1-0